000 00566nam a2200229Ia 4500
003 OSt
005 20220924113043.0
006 a|||||r|||| 00| 0
007 ta
008 220923b |||||||| |||| 00| 0 eng d
024 _a54837
037 _cDictionary
040 _aARTS
_cARTS
_beng
041 _2eng
_aeng
082 _aP111:4k, M2
245 0 _aSuper worls power
260 _aNew
_bYork Berkeley Books
_c1982
300 _ax,227p.
_ccm.
650 _aLINGUISTICS
942 _hP111:4k, M2
_cdic
_2cc
999 _c389088
_d389088